Berühmte Franzosen - Statistiken

Allgemein
  • Dieses Quiz wurde 134 mal gespielt
  • Das Durchschnittsergebnis liegt bei 12 aus 20
Antwortstatistiken
Hint Antwort % Korrekt
Erster Kaiser Frankreichs, der das Heilige Römische Reich auflöste und die Schlacht von Waterloo verlor Napoleon Bonapart
96%
Aktueller Staatspräsident Frankreichs Emanuelle Macron
91%
Sonnenkönig, absolutistischer Herrscher, welcher das Schloß Versailles erbauen ließ Ludwig XIV
88%
Berühmte Modeschöpferin und Unternehmerin, schuf das "kleine Schwarze" und das Parfum "No. 5" Coco Chanel
85%
Französiche Nationalheldin und Heilige aus dem 100 Jährigem Krieg, als Ketzerin von den Engländern verbrannt Jeanne d'Arc
75%
Begründer des Science-Fiction: Die Reise zum Mittelpunkt der Erde, 20.000 Meilen unter dem Meer, Reise um die Erde in 80 Tagen Jules Verne
72%
Chanson-Sängerin: La vie en rose; Milord; Non, je ne regrette rien Édith Piaf
70%
Fußballspieler mit Narbe im Gesicht: 2005–2007 bei Marseilles, 2007–2019 bei Bayern München, seit dem bei Florenz Franck Ribéry
70%
Anführer des freien Frankreichs im 2. WK, Präsident von 1944 - 1946, sowie von 1959 - 1969, Gründer der 5. Republik Charles de Gaulle
67%
Fußball-Star: 1996–2001 bei Juventus, 2001–2006 bei Real Madrid; Trainer bei Real Madrid seit 2016; 3x Weltfußballer Zinedine Zidane
67%
Fränkischer König, der 800 zum Kaiser gekrönt wurde, Eroberer der Sachsen, gilt als Vater Europas Karl der Große
63%
Mediziner: Heilte Geflügelcholera,Tollwut, Milzbrand; entwickelte ein Verfahren zur Haltbarmachung von Milch Louis Pasteur
61%
Physiker, der die Gesetze der Elektrodynamik untersuchte, Namensgeber der Einheit des elektrischen Stromes André-Marie Ampère
56%
Schriftsteller: Les Misérables, Der Glöckner von Notre Dame Victor Hugo
53%
Revolutionär und Jakobiner, Hauptverantwortlicher für den Großen Terror, 1794 durch die Guillotine hingerichtet Maximilien de Robespierre
48%
DJ und Musikproduzent: Sexy Bitch / Sexy Chick, Titanium, Lovers on the Sun, Dangerous, This One’s for You David Guetta
46%
Philosophin, Schriftstellerin und Feministin: Das andere Geschlecht, Sie kam und blieb; Geliebte von Sartre Simone de Beauvoir
42%
Behelmtes French-House-Duo: Around the World; Harder, Better, Faster, Stronger; Get Lucky One More Time Daft Punk
38%
Arzt, Humanist und Pazifist; baute ein Krankenhaus in Gabun; Friedensnobelpreisträger Albert Schweitzer
30%
Brüder, welche den Kinematographen und somit das Kino erfanden Brüder Lumière
29%
Keine übereinstimmenden Quizze gefunden
Verteilung der Resultate
Anzahl Personen mit jedem Resultat
Perzentil nach korrekt beantworteten Fragen
Ihre Resultats-Entwicklung
Sie haben dieses Quiz noch nicht gespielt